Tests of density dependent habitat selection in a patchy enviroment (Registro nro. 10773)

Detalles MARC
000 -CABECERA
Campo de control 005250000a22001810004500
090 ## - CLASIFICACIÓN LOCAL
Colección AR
Consecutivo 01693
041 0# - IDIOMA
Código de idioma para texto/pista de sonido o título separado
100 1# - ASIENTO PRINCIPAL--NOMBRE PERSONAL
Nombre personal Morris, Douglas W.
245 10 - MENCION DE TITULO
Título Tests of density dependent habitat selection in a patchy enviroment
650 14 - ASIENTO SECUNDARIO DE MATERIA - TERMINO TEMATICO
Término temático o nombre geográfico como elemento de entrada Ecología
650 14 - ASIENTO SECUNDARIO DE MATERIA - TERMINO TEMATICO
Término temático o nombre geográfico como elemento de entrada Selección de hábitat
650 14 - ASIENTO SECUNDARIO DE MATERIA - TERMINO TEMATICO
Término temático o nombre geográfico como elemento de entrada Dinámica poblacional
650 14 - ASIENTO SECUNDARIO DE MATERIA - TERMINO TEMATICO
Término temático o nombre geográfico como elemento de entrada Roedores
653 ## - TERMINO DE INDIZACION - NO CONTROLADO
-- Microtus
653 ## - TERMINO DE INDIZACION - NO CONTROLADO
-- Peromyscus
773 1# - Item fuente:
Título Ecological Monographs
Especificación de materiales 14
Descripción física 4
Paginas del Articulo 269-281
Lugar, editorial y fecha de publicación 1987
Información sobre la relación 57
942 ## - ELEMENTOS ADICIONALES (KOHA)
Tipo de ítem Artículo
Existencias
Withdrawn status Lost status Damaged status No para préstamo Colección Ubicación Permanente Ubicación actual Fecha de adquisición Fuente de Valor Datos de publicación Seriada Total Checkouts Número topográfico Inventario / Código de Barras Date last seen Ejemplar Price effective from Forma de adquisición Tipo de material
      No para Préstamo Hemeroteca Bogotá Bogotá 27/02/2015 Muñoz Saba, Yaneth Fuera de circulación   AR 01693 012059 25/03/2015 1 25/03/2015   Artículo